| 000 | 01257cam a2200313 a 4500 | ||
|---|---|---|---|
| 001 | 13440 | ||
| 003 | BD-RjUL | ||
| 005 | 20211208235444.0 | ||
| 008 | 140201s2010 inua 001 0 eng | ||
| 020 | _a9780470641644 (pbk.) | ||
| 020 | _a0470641649 (pbk.) | ||
| 035 |
_aBD-RjUL)13491 _a(OCoLC)ocn567008125 |
||
| 040 |
_aUKM _cUKM _dBTCTA _dMEAUC _dDLC _dBD-RjUL _beng |
||
| 041 | _aeng | ||
| 082 | 0 | 0 |
_a025.04252 _223 _bTEY 2010 |
| 100 | 1 |
_aTeixeira, Joe. _941917 |
|
| 245 | 1 | 0 |
_aYour Google game plan for success : _bincreasing your web presence with Google AdWords, Analytics and Website Optimizer / _cJoe Teixeira. |
| 260 |
_aIndianapolis, IN : _bWiley Pub., _cc2010. |
||
| 300 |
_axxii, 434 p. : _bill. ; _c24 cm. |
||
| 504 | _aIncludes index. | ||
| 520 | _aPresents strategies for writing a successful Internet advertising campaign using Google AdWords and explores the technology of Google Analytics and Google Website Optimizer. | ||
| 650 | 0 |
_aInternet searching _xStatistical services. _941918 |
|
| 650 | 0 |
_aWeb usage mining _xComputer programs. _941919 |
|
| 650 | 0 |
_aInternet users _vStatistics _xData processing. _941920 |
|
| 650 | 0 |
_aInternet marketing. _91334 |
|
| 942 |
_2ddc _cBK |
||
| 999 |
_c13440 _d13440 |
||